Joseph Rowntree Foundation index of private rents and yields. - First quarter 1997 - Fourth quarter 1997 (Record no. 96749)

MARC details
000 -LEADER
fixed length control field 01046cam a2200289 4500
001 - CONTROL NUMBER
control field J87416
008 - FIXED-LENGTH DATA ELEMENTS--GENERAL INFORMATION
fixed length control field 090401t1997 xxu||||| |||| 00| 0 eng d
035 ## - SYSTEM CONTROL NUMBER
System control number (Sirsi) u81814
041 ## - LANGUAGE CODE
Language code of text/sound track or separate title eng
050 ## - LIBRARY OF CONGRESS CALL NUMBER
Classification number 333.33016
110 ## - MAIN ENTRY--CORPORATE NAME
Corporate name or jurisdiction name as entry element Joseph Rowntree Foundation
9 (RLIN) 2318
245 ## - TITLE STATEMENT
Title Joseph Rowntree Foundation index of private rents and yields. - First quarter 1997 - Fourth quarter 1997
260 ## - PUBLICATION, DISTRIBUTION, ETC.
Place of publication, distribution, etc. York
Name of publisher, distributor, etc. Centre for Housing Policy
Date of publication, distribution, etc. 1997
300 ## - PHYSICAL DESCRIPTION
Extent 4 pt. ; 30cm.
350 ## - PRICE (NR) (BK AM CF MU VM SE) [OBSOLETE]
Price 200
520 ## - SUMMARY, ETC.
Summary, etc. The JRF Index is produced in partnership with the association of Residential Letting Agents and other principal letting agents, the Rent Officer Service and the Halifax PLC.
650 ## - SUBJECT ADDED ENTRY--TOPICAL TERM
Topical term or geographic name entry element ASSOCIATION OF RESIDENTIAL LETTING AGENTS
650 ## - SUBJECT ADDED ENTRY--TOPICAL TERM
Topical term or geographic name entry element HALIFAX PLC
650 ## - SUBJECT ADDED ENTRY--TOPICAL TERM
Topical term or geographic name entry element JOSEPH ROWNTREE FOUNDATION INDEX OF PRIVATE RENTS AND YIELDS
650 ## - SUBJECT ADDED ENTRY--TOPICAL TERM
Topical term or geographic name entry element PRIVATE SECTOR RENTS
650 ## - SUBJECT ADDED ENTRY--TOPICAL TERM
Topical term or geographic name entry element RENT INDICES
650 ## - SUBJECT ADDED ENTRY--TOPICAL TERM
Topical term or geographic name entry element RENT OFFICER SERVICE
650 ## - SUBJECT ADDED ENTRY--TOPICAL TERM
Topical term or geographic name entry element RESIDENTIAL PROPERTY
9 (RLIN) 6266
690 ## - LOCAL SUBJECT ADDED ENTRY--TOPICAL TERM (OCLC, RLIN)
Topical term or geographic name as entry element HOUSING
942 ## - ADDED ENTRY ELEMENTS (KOHA)
Suppress in OPAC 0
948 ## - LOCAL PROCESSING INFORMATION (OCLC); SERIES PART DESIGNATOR (RLIN)
c (OCLC) 30/10/1997
Holdings
Withdrawn status Lost status Source of classification or shelving scheme Damaged status Not for loan Home library Current library Shelving location Date acquired Cost, normal purchase price Total Checkouts Full call number Barcode Date last seen Copy number Cost, replacement price Price effective from Koha item type
    Dewey Decimal Classification     London London Property market reports 14/09/1999 200.00   PROPERTY MARKET REPORTS 30054413 06/08/2019 1 200.00 06/08/2019 Reference material
    Dewey Decimal Classification     London London Property market reports 14/09/1999 200.00   PROPERTY MARKET REPORTS 30055041 06/08/2019 2 200.00 06/08/2019 Reference material
    Dewey Decimal Classification     London London Property market reports 14/09/1999 200.00   PROPERTY MARKET REPORTS 30055336 06/08/2019 3 200.00 06/08/2019 Reference material
    Dewey Decimal Classification     London London Property market reports 14/09/1999 200.00   PROPERTY MARKET REPORTS 30055746 06/08/2019 4 200.00 06/08/2019 Reference material